Zgadnij piłkarza po opisie - Statystyki

Ogólne statystyki
  • Ten quiz został rozwiązany 66 razy
  • Średni wynik to 6 z 14
Statystyki odpowiedzi
Hint Odpowiedź % Poprawnych
Polski bramkarz który grał w Realu Madryt Jerzy Dudek
79%
Strzelił gola samobójczego w meczu Bayern 8-2 Barcelona David Alaba
65%
Był bramkarzem Anglii podczas Euro 2020 Jordan Pickford
63%
Ten piłkarz jest najnowszym transferem Fc Barcelony Dani Olmo
56%
Ten turecki piłkarz grał w Fc Barcelonie w latach 2016,2017,2018 Arda Turan
49%
W stronę tego piłkarza podczas meczu rzucono odciętym świńskim ryjem Luis Figo
47%
Był królem strzelców Euro 2020 Cristiano Ronaldo
44%
Ten piłkarz zdobył jedyną bramkę w finale Ligi Mistrzów w sezonie 19/20 Kingsley Coman
42%
Ten piłkarz jest jedynym bramkarzem który wygrał Złotą Piłkę Lev Yashin
42%
Zdobywca złotej piłki w 2007 roku Kaka
37%
Strzelec najpiękniejszej bramki Munidalu 2018 Benjamin Pavard
35%
Ten piłkarz brutalnym faulem zakończył karierę ojca Erlinga Haalanda Roy Keane
35%
Był ofiarą ataku głową Zinedine Zidana Marco Materazzi
30%
Wygrał nagrodę Puskasa w roku 2017 Olivier Giroud
9%
Nie znaleziono quizów pasujących do podanych kryteriów
Rozkład punktacji
Procent ludzi z każdym wynikiem
Percentyl według liczby udzielonych odpowiedzi
Twoja historia wyników
Nie rozwiązałeś tego quizu